| 000 | 00586nam a2200169 i 4500 | ||
|---|---|---|---|
| 001 | 21263 | ||
| 003 | ES-MaACL | ||
| 007 | t| | ||
| 008 | 021122s1985 sp ||||1| spa d | ||
| 020 | _a84-86389-01-1 | ||
| 245 | 0 | 0 |
_aAgresión social / _cAmando de Miguel... [et al.] ; [textos del Simposio Nacional sobre Agresión Social]. |
| 260 |
_aMadrid : _bInstituto de Ciencias del Hombre, _c1985. |
||
| 300 |
_a211 p. ; _c22 cm. |
||
| 700 | 1 |
_aMiguel, Amando de. _981000 |
|
| 711 | 2 |
_aSimposio Nacional sobre Agresión Social ( _d1984. _cMadrid) _91087 |
|
| 852 |
_aES-MaACL _jL-8717 _bR.108822 |
||
| 999 |
_c21263 _d21263 |
||